000 00631nam a2200205Ii 4500
003 JO-AjNU
008 230605s9999||||xx |||||||||||||| ||und||
017 _a1990/1113
040 _aJO-AjNU
_bara
_erda
_cJO-AjNU
041 _aara
050 1 4 _aGV942.7 1990
100 3 _aرياح، علي,
_eauthor
_98553
245 0 0 _aمارادونا ساحر الكرة
264 3 1 _aد.م: د.ن، 1990
300 _a66ص
_bصور فوتوغرافية
336 _atext
_btxt
_2rdacontent
337 _aunmediated
_bn
_2rdamedia
338 _avolume
_bnc
_2rdacarrier
650 4 _aماردونا -لاعب كرة قدم - رياضة
_98554
999 _aA847
_c4415
_d4415